Statistiques concernant Pays les plus proches du Bénin - sprint d'une minute

Cliquez ici pour prendre le quiz!

Statistiques générales

  • Ce quiz a été pris 48 fois
  • Le résultat moyen est 14 sur 20

Statistiques - réponses

kmpays% Correct
0Togo
98%
0Niger
95%
43Ghana
91%
0Nigeria
91%
668Cameroun
86%
315Côte d'Ivoire
84%
326Mali
82%
947Guinée
75%
1340Sénégal
73%
969Gabon
68%
1114Tchad
68%
0Burkina Faso
66%
1261Congo
61%
997Liberia
61%
1232Sierra Leone
52%
857Mauritanie
48%
735Sao Tomé-et-Principe
48%
733Algérie
45%
720Guinée Équatoriale
41%
1291République
Centrafricaine
39%

Distribution des résultats

Percentile par nombre de réponses

% des personnes avec chaque résultat

Votre développement - résultats

Vous n’avez pas pris ce quiz